[Event "RA Spring op"]
[Site "Ottawa CAN"]
[Date "1990.03.11"]
[Round "5"]
[White "Bourgeois, Richard"]
[Black "Brodie, Hugh"]
[Result "1/2-1/2"]
[WhiteElo "1834"]
[BlackElo "1960"]
[PlyCount "104"]
[EventDate "1990.03.10"]
[EventType "swiss"]
[EventRounds "5"]
[EventCountry "CAN"]

1. e4 c5 2. c3 d5 3. exd5 Qxd5 4. d4 Nf6 5. dxc5 Qxc5 6. Be3 Qc7 7. Na3 Bd7 8.
Nb5 Bxb5 9. Bxb5+ Nc6 10. Nf3 Rc8 11. O-O a6 12. Ba4 e6 13. Qe2 Be7 14. c4 O-O
15. h3 Rfd8 16. a3 Ne5 17. Rac1 Qa5 18. Bb3 Nxf3+ 19. Qxf3 Rd7 20. Rfd1 Rcd8
21. Rxd7 Rxd7 22. Rd1 Qd8 23. Rxd7 Qxd7 24. Bc2 Qc7 25. c5 Bxc5 26. Bxc5 Qxc5
27. Qxb7 g6 28. Qb3 Nd5 29. Qb8+ Kg7 30. Qe5+ Kf8 31. Qb8+ Ke7 32. Qb7+ Nc7 33.
Qe4 a5 34. b4 axb4 35. Qxb4 Qxb4 36. axb4 Nd5 37. b5 Nb6 38. Be4 e5 39. g4 h6
40. Kf1 Kd6 41. Ke2 Kc5 42. Bc6 Nc4 43. Kd3 Nd6 44. Ke3 f5 45. f4 Nc4+ 46. Kd3
exf4 47. gxf5 gxf5 48. Ke2 Kd4 49. Kf3 Ke5 50. Bd7 Nd2+ 51. Ke2 Nc4 52. Kf3
Nd2+ 1/2-1/2

[Event "RA Winter op"]
[Site "Ottawa CAN"]
[Date "1990.01.13"]
[Round "1"]
[White "Closs, Matthew"]
[Black "Brodie, Hugh"]
[Result "1/2-1/2"]
[WhiteElo "1798"]
[BlackElo "1971"]
[PlyCount "71"]
[EventDate "1990.01.13"]
[EventType "swiss"]
[EventRounds "5"]
[EventCountry "CAN"]

1. e4 c5 2. Nf3 Nc6 3. d4 cxd4 4. Nxd4 g6 5. c4 Bg7 6. Be3 Nf6 7. Nc3 Ng4 8.
Qxg4 Nxd4 9. Qd1 e5 10. c5 Qa5 11. Rc1 O-O 12. Qd2 Qxc5 13. Nb5 Qe7 14. f3 Nxb5
15. Bxb5 d6 16. O-O Be6 17. Rc3 Rfd8 18. Rfc1 Rac8 19. Bxa7 Rxc3 20. Rxc3 Ra8
21. Bb6 Rxa2 22. Qc1 Qh4 23. Bf2 Qd8 24. Bc4 Bxc4 25. Rxc4 Ra8 26. Rc7 Ra1 27.
Qxa1 Qxc7 28. Qa8+ Bf8 29. Be3 Kg7 30. Bh6+ Kxh6 31. Qxf8+ Kg5 32. h4+ Kf6 33.
g4 Qd7 34. g5+ Ke6 35. Qh8 Ke7 36. Qf6+ 1/2-1/2

[Event "RA Winter op"]
[Site "Ottawa CAN"]
[Date "1990.01.13"]
[Round "2"]
[White "Brodie, Hugh"]
[Black "Adam, Mark"]
[Result "1-0"]
[WhiteElo "1971"]
[BlackElo "1607"]
[PlyCount "73"]
[EventDate "1990.01.13"]
[EventType "swiss"]
[EventRounds "5"]
[EventCountry "CAN"]

1. e4 e5 2. Nc3 Bc5 3. Bc4 Nf6 4. d3 d6 5. Nf3 Bg4 6. h3 Bxf3 7. Qxf3 h6 8. Nd5
Nbd7 9. Ne3 Bxe3 10. Bxe3 Nb6 11. Bb3 Qe7 12. c3 Nbd7 13. O-O O-O 14. g4 Nc5
15. g5 hxg5 16. Bxg5 Nxb3 17. Bxf6 Qxf6 18. Qxf6 gxf6 19. axb3 Kh7 20. f4 Rg8+
21. Kh2 Rg7 22. Rg1 Rxg1 23. Rxg1 Kh6 24. Rg4 exf4 25. Rxf4 Kg7 26. Rg4+ Kh7
27. Kg3 Re8 28. Kf4 Re5 29. Rh4+ Kg7 30. d4 Rg5 31. Rg4 Kg6 32. h4 Rxg4+ 33.
Kxg4 Kh6 34. Kf5 Kh5 35. Kxf6 Kxh4 36. Kxf7 Kg5 37. e5 1-0

[Event "RA Winter op"]
[Site "Ottawa CAN"]
[Date "1990.01.13"]
[Round "3"]
[White "Zmijowskij, Tim"]
[Black "Brodie, Hugh"]
[Result "1/2-1/2"]
[WhiteElo "1721"]
[BlackElo "1971"]
[PlyCount "21"]
[EventDate "1990.01.13"]
[EventType "swiss"]
[EventRounds "5"]
[EventCountry "CAN"]

1. d4 e6 2. e3 f5 3. Bd3 Nf6 4. Nd2 d5 5. Ngf3 Bd6 6. c4 c6 7. c5 Bc7 8. O-O
O-O 9. Ne5 Nbd7 10. f4 Ne4 11. Qe2 1/2-1/2

[Event "RA Winter op"]
[Site "Ottawa CAN"]
[Date "1990.01.14"]
[Round "4"]
[White "Brodie, Hugh"]
[Black "Smith, Eric"]
[Result "1/2-1/2"]
[WhiteElo "1971"]
[BlackElo "1996"]
[PlyCount "139"]
[EventDate "1990.01.13"]
[EventType "swiss"]
[EventRounds "5"]
[EventCountry "CAN"]

1. f4 d5 2. e3 Nf6 3. b3 g6 4. Nf3 Bg4 5. Bb2 Bg7 6. Be2 O-O 7. Ne5 Bxe2 8.
Qxe2 Nbd7 9. O-O c5 10. d3 Ne8 11. Nd2 f6 12. Ng4 e6 13. e4 Qb6 14. c4 d4 15.
h3 Nd6 16. Nf3 Nf7 17. Nh4 Rae8 18. Rae1 f5 19. Nf2 Qd8 20. Nf3 e5 21. fxe5
Nfxe5 22. Nxe5 Nxe5 23. Bc1 f4 24. Ng4 h5 25. Nxe5 Bxe5 26. Qf3 Rf6 27. Re2
Ref8 28. Ref2 Qe8 29. h4 Qe6 30. Kh2 R8f7 31. Qh3 Qe8 32. Qf3 Rg7 33. Kh1 g5
34. hxg5 Rxg5 35. Qe2 Rg4 36. Rf3 Qg6 37. Bd2 Rf7 38. Be1 Rg7 39. R1f2 a6 40.
Bd2 Rh4+ 41. Kg1 Qg4 42. Rf1 Qg5 43. Bc1 Rg4 44. R1f2 Rg6 45. Bd2 h4 46. Kf1 b5
47. Rh3 bxc4 48. bxc4 Rg3 49. Rxg3 hxg3 50. Rf3 Qh4 51. Ke1 Rb6 52. Bc1 Rf6 53.
Ba3 Rh6 54. Bxc5 Qd8 55. Qd2 Bc7 56. a3 Rh1+ 57. Rf1 Rh2 58. Qb2 Be5 59. Qc2
Qc8 60. Bb4 a5 61. Bxa5 Qh3 62. Qa4 Qh5 63. Qd7 Rxg2 64. Qe6+ Kh8 65. Qc8+ Kh7
66. Qd7+ Kh6 67. Qe6+ Kh7 68. Qd7+ Kg8 69. Qe6+ Kh7 70. Qd7+ 1/2-1/2

[Event "RA Winter op"]
[Site "Ottawa CAN"]
[Date "1990.01.14"]
[Round "5"]
[White "Talajic, Milenko"]
[Black "Brodie, Hugh"]
[Result "1/2-1/2"]
[WhiteElo "1949"]
[BlackElo "1971"]
[PlyCount "122"]
[EventDate "1990.01.13"]
[EventType "swiss"]
[EventRounds "5"]
[EventCountry "CAN"]

1. d4 e6 2. c4 Bb4+ 3. Bd2 Qe7 4. Nf3 f5 5. a3 Bxd2+ 6. Qxd2 Nf6 7. Nc3 b6 8.
g3 Bb7 9. Bg2 O-O 10. O-O d6 11. Rad1 Ne4 12. Qd3 Nd7 13. Nd2 Nxc3 14. Qxc3
Bxg2 15. Kxg2 f4 16. e3 fxg3 17. hxg3 e5 18. Rh1 Rae8 19. Rh4 Qf6 20. Rf1 exd4
21. Qxd4 Qxd4 22. Rxd4 Ne5 23. b4 a6 24. Rh1 Rf7 25. Rhh4 Ref8 26. f4 Ng6 27.
Rh1 Re7 28. e4 Rfe8 29. Rc1 Kf7 30. Kf3 Nf8 31. Rd1 Ke6 32. g4 h6 33. a4 Kd7
34. f5 Kc6 35. b5+ Kb7 36. Kf4 Rf7 37. Kg3 Nd7 38. Kh4 Nc5 39. g5 hxg5+ 40.
Kxg5 Nxa4 41. bxa6+ Ka7 42. Kg6 Ree7 43. Nf3 Nc5 44. Re1 Kxa6 45. Kg5 Ne6+ 46.
Kg4 Nxd4 47. Nxd4 Rf6 48. Nc6 Re8 49. Nb4+ Kb7 50. Nd5 Rh6 51. Kg5 Reh8 52. Ne7
Rh2 53. Kg6 R8h7 54. Ng8 Kc8 55. e5 dxe5 56. Rxe5 Kd8 57. Re4 R7h4 58. Re6 Rg2+
59. Kf7 Rxc4 60. Ne7 Rf4 61. Re5 c5 1/2-1/2

[Event "Eastern Ontario op"]
[Site "Ottawa CAN"]
[Date "1989.09.02"]
[Round "1"]
[White "Laurin, Denys"]
[Black "Brodie, Hugh"]
[Result "1/2-1/2"]
[WhiteElo "1924"]
[BlackElo "1993"]
[PlyCount "144"]
[EventDate "1989.09.02"]
[EventType "swiss"]
[EventRounds "6"]
[EventCountry "CAN"]

1. e4 c5 2. Nf3 Nc6 3. d4 cxd4 4. Nxd4 g6 5. c4 Bg7 6. Be3 Nf6 7. Nc3 Ng4 8.
Qxg4 Nxd4 9. Qd1 e5 10. Bxd4 exd4 11. Nd5 O-O 12. Bd3 d6 13. O-O Be6 14. Qb3
Qd7 15. a4 Bxd5 16. exd5 Rac8 17. Qb5 Rc7 18. Qxd7 Rxd7 19. Rfe1 Rc8 20. Ra3
Kf8 21. Rb3 Rc5 22. f4 Rcc7 23. Kf2 Re7 24. Re2 Ke8 25. Rc2 Rc5 26. g3 Kd8 27.
Ra3 a5 28. Rb3 Kc7 29. Re2 Rxe2+ 30. Kxe2 b6 31. Ra3 Kb7 32. b4 axb4 33. Rb3
Rc7 34. Rxb4 Ka7 35. Kd2 Re7 36. Rb1 Re3 37. Rf1 f5 38. Ra1 Re8 39. a5 bxa5 40.
Rxa5+ Kb6 41. Rb5+ Kc7 42. Ra5 Kb6 43. Ra2 Rb8 44. Bc2 Rc8 45. Kd3 Re8 46. Rb2+
Kc7 47. Ba4 Re3+ 48. Kd2 Re2+ 49. Kxe2 d3+ 50. Kxd3 Bxb2 51. Be8 Ba3 52. Ke2
Kd8 53. Bf7 Ke7 54. Bg8 Kf8 55. Be6 Kg7 56. h3 h6 57. Kf3 Kf6 58. g4 fxg4+ 59.
hxg4 g5 60. f5 Bc5 61. Ke4 Bb6 62. Bd7 Bc5 63. Be8 Bb6 64. Bh5 Bc5 65. Kd3 Bb6
66. Kc3 Ba7 67. Kb4 Bc5+ 68. Kb5 Ke7 69. Kc6 Ba3 70. Bg6 Bc5 71. Bh7 Bb4 72.
Bg8 Bc5 1/2-1/2

[Event "Eastern Ontario op"]
[Site "Ottawa CAN"]
[Date "1989.09.02"]
[Round "2"]
[White "Raletich, George"]
[Black "Brodie, Hugh"]
[Result "0-1"]
[WhiteElo "1988"]
[BlackElo "1993"]
[PlyCount "134"]
[EventDate "1989.09.02"]
[EventType "swiss"]
[EventRounds "6"]
[EventCountry "CAN"]

1. c4 e5 2. Nc3 Nc6 3. g3 g6 4. Bg2 Bg7 5. a3 d6 6. d3 Nge7 7. e3 O-O 8. Nge2
Be6 9. e4 Qd7 10. h4 Nd8 11. Bg5 f6 12. Be3 c6 13. Qa4 Nf7 14. d4 Qc7 15. d5
Bd7 16. Qb3 f5 17. O-O fxe4 18. Nxe4 Nf5 19. Bd2 c5 20. Rac1 Rae8 21. Qd1 Nd4
22. b4 b6 23. Rc3 Bg4 24. f3 Bd7 25. Rf2 Nh6 26. Bg5 Nhf5 27. Bc1 Bc8 28. Kh2
h6 29. Ng1 Qe7 30. Bh3 Bd7 31. Qf1 Kh7 32. Bd2 Rf7 33. Be1 Bf8 34. Rg2 Bc8 35.
Qf2 Ng7 36. g4 Rf4 37. Bd2 Rf7 38. g5 Nh5 39. Bxc8 Rxc8 40. Nh3 Rf5 41. gxh6
Bxh6 42. Neg5+ Kg7 43. Be3 Qf6 44. Bxd4 cxd4 45. Ne4 Qe7 46. Rc2 Be3 47. Qe1
Rxf3 48. Neg5 Rf5 49. Rg4 Kh6 50. Rcg2 Rxc4 51. Ne4 Bf4+ 52. Nxf4 Nxf4 53. Qd2
Kg7 54. Ng3 Rf6 55. Rxg6+ Kxg6 56. Ne4+ Nxg2 57. Qg5+ Kf7 58. Qh5+ Kg7 59. Qg5+
Kf7 60. Qh5+ Kg8 61. Qg5+ Kf7 62. Qh5+ Rg6 63. Ng5+ Kf6 64. Kxg2 Qg7 65. Qf3+
Ke7 66. Qd3 Rxg5+ 67. hxg5 Qxg5+ 0-1

[Event "Eastern Ontario op"]
[Site "Ottawa CAN"]
[Date "1989.09.03"]
[Round "3"]
[White "Brodie, Hugh"]
[Black "Collins, Chris"]
[Result "0-1"]
[WhiteElo "1993"]
[BlackElo "2030"]
[PlyCount "64"]
[EventDate "1989.09.02"]
[EventType "swiss"]
[EventRounds "6"]
[EventCountry "CAN"]

1. e4 e5 2. Nc3 Nc6 3. Bc4 Nf6 4. d3 Be7 5. f4 d6 6. Nf3 Bg4 7. h3 Bxf3 8. Qxf3
exf4 9. Bxf4 Ne5 10. Bxe5 dxe5 11. O-O c6 12. Bb3 O-O 13. Nd1 Qe8 14. Ne3 Bc5
15. Rae1 Nd7 16. Kh2 Bxe3 17. Qxe3 Kh8 18. Rf5 f6 19. Ref1 Qe7 20. Qe1 Nc5 21.
Qb4 g6 22. R5f3 a5 23. Qe1 a4 24. Bc4 b5 25. d4 exd4 26. Bd3 Qe5+ 27. Kg1 Kg7
28. Qh4 Rac8 29. Rf4 g5 30. Rg4 h5 31. Qxh5 Rh8 32. Rxg5+ Qxg5 0-1

[Event "Eastern Ontario op"]
[Site "Ottawa CAN"]
[Date "1989.09.03"]
[Round "4"]
[White "Hum, Peter"]
[Black "Brodie, Hugh"]
[Result "1/2-1/2"]
[WhiteElo "2065"]
[BlackElo "1993"]
[PlyCount "38"]
[EventDate "1989.09.02"]
[EventType "swiss"]
[EventRounds "6"]
[EventCountry "CAN"]

1. d4 e6 2. e4 d5 3. e5 Qd7 4. Nf3 b6 5. c3 Ba6 6. Nbd2 Bxf1 7. Nxf1 c5 8. Ng3
cxd4 9. cxd4 Bb4+ 10. Bd2 Nc6 11. O-O Nge7 12. Rc1 Bxd2 13. Qxd2 Rc8 14. h4 O-O
15. h5 h6 16. Rfe1 Na5 17. b3 Rxc1 18. Rxc1 Rc8 19. Rxc8+ Qxc8 1/2-1/2

[Event "Eastern Ontario op"]
[Site "Ottawa CAN"]
[Date "1989.09.04"]
[Round "5"]
[White "Brodie, Hugh"]
[Black "Magnan, Mike"]
[Result "0-1"]
[WhiteElo "1993"]
[BlackElo "1796"]
[PlyCount "74"]
[EventDate "1989.09.02"]
[EventType "swiss"]
[EventRounds "6"]
[EventCountry "CAN"]

1. e4 Nf6 2. Nc3 d6 3. f4 c5 4. Nf3 Nc6 5. Bb5 a6 6. Bxc6+ bxc6 7. d3 Bg4 8.
O-O e6 9. Qe1 Be7 10. Qg3 Bxf3 11. Qxf3 Qc7 12. Bd2 O-O 13. Ne2 Rab8 14. Rab1
Nd7 15. Bc3 Bf6 16. Bxf6 Nxf6 17. f5 Nd7 18. Qg3 exf5 19. Rxf5 Ne5 20. h4 Qa5
21. Nc3 Rb7 22. Qe1 Re8 23. b3 Qd8 24. Kh1 Re6 25. Ne2 Rg6 26. g3 Re7 27. Qf1
Qa5 28. Qc1 Rg4 29. Kg2 Re6 30. Nf4 Rh6 31. Kh3 Qd8 32. Rxe5 Rhxh4+ 33. Kg2
dxe5 34. Kf3 Rxf4+ 35. gxf4 Rxf4+ 36. Ke2 Qh4 37. Kd2 Qf2+ 0-1

[Event "CAN-op"]
[Site "Edmonton CAN"]
[Date "1989.07.15"]
[Round "1"]
[White "Waring, Andrew"]
[Black "Brodie, Hugh"]
[Result "1/2-1/2"]
[WhiteElo "1605"]
[BlackElo "1997"]
[PlyCount "66"]
[EventDate "1989.07.15"]
[EventType "swiss"]
[EventRounds "10"]
[EventCountry "CAN"]

1. d4 e6 2. e4 d5 3. Nd2 c5 4. exd5 exd5 5. Bb5+ Bd7 6. Qe2+ Be7 7. Bxd7+ Qxd7
8. dxc5 Nf6 9. Nb3 O-O 10. Be3 Na6 11. Nd4 Nxc5 12. Ngf3 Ng4 13. O-O Nxe3 14.
Qxe3 Bf6 15. c3 Rfe8 16. Qd2 a6 17. Rfe1 Re4 18. Rxe4 dxe4 19. Ne1 Rd8 20. Nec2
Ne6 21. Rd1 Bxd4 22. Nxd4 Nxd4 23. Qxd4 Qxd4 24. Rxd4 Rxd4 25. cxd4 f5 26. f3
exf3 27. gxf3 f4 28. Kf2 Kf7 29. Ke2 Ke6 30. Kd3 Kd5 31. h4 g6 32. b3 b5 33. b4
h6 1/2-1/2

[Event "CAN-op"]
[Site "Edmonton CAN"]
[Date "1989.07.16"]
[Round "2"]
[White "Brodie, Hugh"]
[Black "Almasi, Charles"]
[Result "1-0"]
[WhiteElo "1997"]
[BlackElo "1677"]
[PlyCount "71"]
[EventDate "1989.07.15"]
[EventType "swiss"]
[EventRounds "10"]
[EventCountry "CAN"]

1. e4 c6 2. d3 d5 3. Nd2 Nf6 4. Ngf3 dxe4 5. dxe4 Bg4 6. Bc4 Bxf3 7. Qxf3 Nbd7
8. Qe2 Qc7 9. O-O e6 10. f4 Nb6 11. Bb3 O-O-O 12. Nf3 Bc5+ 13. Kh1 Rhf8 14. c3
Qe7 15. Bc2 h6 16. b4 Bxb4 17. cxb4 Qxb4 18. a4 Qc4 19. Qxc4 Nxc4 20. h3 Nd7
21. a5 Nc5 22. Ba3 Nxa3 23. Rxa3 f6 24. Kg1 g5 25. fxg5 hxg5 26. Kf2 f5 27. Ke3
fxe4 28. Bxe4 Rf4 29. Bb1 Rdf8 30. Rc1 g4 31. hxg4 Nd7 32. g5 e5 33. a6 Rg4 34.
axb7+ Kxb7 35. Be4 Rc8 36. Bf5 1-0

[Event "CAN-op"]
[Site "Edmonton CAN"]
[Date "1989.07.16"]
[Round "3"]
[White "Perron, Sean"]
[Black "Brodie, Hugh"]
[Result "1-0"]
[WhiteElo "1828"]
[BlackElo "1997"]
[PlyCount "84"]
[EventDate "1989.07.15"]
[EventType "swiss"]
[EventRounds "10"]
[EventCountry "CAN"]

1. Nf3 b6 2. g3 Bb7 3. Bg2 e6 4. O-O f5 5. c4 Nf6 6. Nc3 Bb4 7. a3 Bxc3 8. bxc3
O-O 9. d4 Qe8 10. Nd2 Bxg2 11. Kxg2 d6 12. f3 Nbd7 13. Qc2 Qh5 14. a4 e5 15.
Ba3 Rfe8 16. Rae1 e4 17. Nb3 c5 18. Bc1 Re6 19. d5 Re7 20. Bf4 Ne5 21. Bxe5
Rxe5 22. h3 Rae8 23. f4 R5e7 24. e3 Rb8 25. Rb1 a6 26. Na5 Ree8 27. Nc6 Rb7 28.
Rb2 Qf7 29. Rfb1 Qc7 30. Rb3 Nd7 31. a5 b5 32. cxb5 Rxb5 33. Rxb5 axb5 34. Rxb5
Nb8 35. Nxb8 Rxb8 36. Qa4 Qa7 37. Rxb8+ Qxb8 38. Qa2 c4 39. a6 Qa7 40. Kf2 Kf8
41. Qxc4 Qb6 42. Qc8+ Ke7 1-0

[Event "CAN-op"]
[Site "Edmonton CAN"]
[Date "1989.07.17"]
[Round "4"]
[White "Brodie, Hugh"]
[Black "Gale, Stephen"]
[Result "1-0"]
[WhiteElo "1997"]
[BlackElo "1767"]
[PlyCount "90"]
[EventDate "1989.07.15"]
[EventType "swiss"]
[EventRounds "10"]
[EventCountry "CAN"]

1. e4 e5 2. Bc4 Bc5 3. Bf1 Bf8 4. Nc3 Nc6 5. Bc4 Bc5 6. Qg4 Kf8 7. Qf3 Qf6 8.
Nd5 Qxf3 9. Nxf3 Bb6 10. c3 Nf6 11. d3 d6 12. h3 Nxd5 13. Bxd5 Ne7 14. Bb3 h6
15. O-O g6 16. d4 exd4 17. cxd4 Be6 18. Bxe6 fxe6 19. Be3 Ke8 20. Nd2 Nc6 21.
Rac1 Kd7 22. Nb3 e5 23. Rfd1 exd4 24. Nxd4 Nxd4 25. Bxd4 Bxd4 26. Rxd4 Rhe8 27.
f4 Re6 28. Kf2 Rf8 29. Ke3 Rf5 30. b4 c6 31. g4 Rd5 32. Kd3 Rxd4+ 33. Kxd4 g5
34. Rf1 Rf6 35. f5 Rf8 36. e5 Re8 37. e6+ Ke7 38. Rf3 Kf6 39. Rb3 Re7 40. b5 h5
41. bxc6 bxc6 42. Rb8 h4 43. Rf8+ Kg7 44. Rd8 Kf6 45. Rxd6 c5+ 1-0

[Event "CAN-op"]
[Site "Edmonton CAN"]
[Date "1989.07.18"]
[Round "5"]
[White "Waissbluth, Boris"]
[Black "Brodie, Hugh"]
[Result "0-1"]
[WhiteElo "1872"]
[BlackElo "1997"]
[PlyCount "86"]
[EventDate "1989.07.15"]
[EventType "swiss"]
[EventRounds "10"]
[EventCountry "CAN"]

1. e4 c5 2. Nf3 Nc6 3. d4 cxd4 4. Nxd4 g6 5. c4 Bg7 6. Be3 Nf6 7. Nc3 Ng4 8.
Qxg4 Nxd4 9. Qd1 e5 10. Bd3 d6 11. Qd2 O-O 12. O-O Be6 13. Rad1 Qa5 14. f4 f5
15. Qf2 Rac8 16. Nd5 Bxd5 17. cxd5 fxe4 18. Bxe4 Nf5 19. Bxa7 exf4 20. Bb6 Qxa2
21. Qxf4 Qxb2 22. Rb1 Qe5 23. Qxe5 Bxe5 24. Bd3 Rc3 25. Bb5 Bd4+ 26. Bxd4 Nxd4
27. Rxf8+ Kxf8 28. Bd7 Rc1+ 29. Rxc1 Ne2+ 30. Kf2 Nxc1 31. Ke3 Nb3 32. Kf4 Nc5
33. Bb5 Kg7 34. g4 h6 35. h4 Nb3 36. g5 Nd4 37. Bd3 Nb3 38. Be2 Nc5 39. h5
hxg5+ 40. Kxg5 gxh5 41. Bxh5 b5 42. Kf5 b4 43. Bd1 Kf7 0-1

[Event "CAN-op"]
[Site "Edmonton CAN"]
[Date "1989.07.19"]
[Round "6"]
[White "Brodie, Hugh"]
[Black "Lynn, Jim"]
[Result "1-0"]
[WhiteElo "1997"]
[BlackElo "1719"]
[PlyCount "61"]
[EventDate "1989.07.15"]
[EventType "swiss"]
[EventRounds "10"]
[EventCountry "CAN"]

1. e4 d5 2. d4 dxe4 3. Nc3 g6 4. Nxe4 Bg7 5. Nf3 Bf5 6. Ng3 Be6 7. Bd3 Nf6 8.
O-O O-O 9. c3 Qd6 10. Bg5 c5 11. Bxf6 Bxf6 12. Ne4 Qb6 13. Nxc5 Qxb2 14. Nxe6
fxe6 15. Qe1 Qb6 16. Rb1 Qc7 17. Qxe6+ Kg7 18. c4 Nc6 19. Rfe1 Rad8 20. d5 Na5
21. Qg4 b6 22. Nd4 Bxd4 23. Qxd4+ Rf6 24. Re6 Rd6 25. Qe5 Rd7 26. d6 Qc5 27.
dxe7 Qxe5 28. Rxe5 Nc6 29. e8=Q Nxe5 30. Qxe5 Rxd3 31. Re1 1-0

[Event "CAN-op"]
[Site "Edmonton CAN"]
[Date "1989.07.20"]
[Round "7"]
[White "Ehrman, Carl"]
[Black "Brodie, Hugh"]
[Result "0-1"]
[WhiteElo "2142"]
[BlackElo "1997"]
[PlyCount "77"]
[EventDate "1989.07.15"]
[EventType "swiss"]
[EventRounds "10"]
[EventCountry "CAN"]

1. e4 c5 2. Nc3 Nc6 3. f4 e6 4. Nf3 a6 5. g3 d6 6. Bg2 g6 7. O-O Bg7 8. d3 Nge7
9. Ne2 O-O 10. c3 f5 11. Be3 Qc7 12. Qb3 Na5 13. Qc2 Bd7 14. Nh4 Rac8 15. exf5
exf5 16. Rad1 Bc6 17. c4 Bxg2 18. Nxg2 d5 19. b3 Rfd8 20. Bc1 dxc4 21. dxc4
Nac6 22. Bb2 Bxb2 23. Qxb2 Rd6 24. Ne3 Rcd8 25. Rxd6 Rxd6 26. Nc3 Nd4 27. Ncd5
Nxd5 28. Nxd5 Qg7 29. Rf2 Re6 30. Qa3 Ne2+ 31. Kg2 Qd4 32. Qa5 Qe4+ 33. Kh3
Ng1+ 34. Kh4 g5+ 35. Kh5 Rh6+ 36. Kxg5 Nh3+ 37. Kxh6 Qe6+ 38. Nf6+ Qxf6+ 39.
Kh5 0-1

[Event "CAN-op"]
[Site "Edmonton CAN"]
[Date "1989.07.21"]
[Round "8"]
[White "Brodie, Hugh"]
[Black "Reeve, Jeff"]
[Result "0-1"]
[WhiteElo "1997"]
[BlackElo "2394"]
[PlyCount "52"]
[EventDate "1989.07.15"]
[EventType "swiss"]
[EventRounds "10"]
[EventCountry "CAN"]

1. e4 c5 2. Nf3 d6 3. c3 Nf6 4. Bd3 Nc6 5. Bc2 g6 6. d3 Bg7 7. O-O O-O 8. Nbd2
e5 9. Re1 b5 10. Nf1 Rb8 11. d4 cxd4 12. cxd4 Bg4 13. d5 Nd4 14. N1d2 Bh6 15.
Bd3 Rc8 16. Rb1 Rxc1 17. Rxc1 Bxd2 18. Qxd2 Bxf3 19. Kf1 Nh5 20. gxf3 Nf4 21.
Re3 Qg5 22. Qd1 Qg2+ 23. Ke1 Qg1+ 24. Bf1 Ng2+ 25. Kd2 Qxf2+ 26. Re2 Nxf3+ 0-1

[Event "CAN-op"]
[Site "Edmonton CAN"]
[Date "1989.07.22"]
[Round "9"]
[White "Cabanas, Francisco"]
[Black "Brodie, Hugh"]
[Result "1-0"]
[WhiteElo "2099"]
[BlackElo "1997"]
[PlyCount "75"]
[EventDate "1989.07.15"]
[EventType "swiss"]
[EventRounds "10"]
[EventCountry "CAN"]

1. e4 c5 2. Nc3 Nc6 3. d3 d6 4. g3 g6 5. Bg2 Bg7 6. Be3 e6 7. Qd2 Nd4 8. Nd1
Qd7 9. c3 Nc6 10. f4 f5 11. exf5 exf5 12. Nf3 Nf6 13. O-O O-O 14. d4 Ne4 15.
Qd3 b6 16. dxc5 dxc5 17. Qxd7 Bxd7 18. Nf2 Rae8 19. Nxe4 fxe4 20. Nd2 Bf5 21.
h3 h5 22. Rfe1 Ne7 23. Nxe4 Nd5 24. Nd6 Nxe3 25. Nxe8 Rxe8 26. Kf2 Nc2 27.
Rxe8+ Kf7 28. Rae1 Nxe1 29. Rxe1 b5 30. Bd5+ Kf8 31. Kg2 b4 32. cxb4 cxb4 33.
b3 Bd7 34. Be4 Kf7 35. Rd1 Bb5 36. g4 hxg4 37. hxg4 Bf6 38. g5 1-0

[Event "CAN-op"]
[Site "Edmonton CAN"]
[Date "1989.07.23"]
[Round "10"]
[White "Brodie, Hugh"]
[Black "Kaminski, Serge"]
[Result "1/2-1/2"]
[WhiteElo "1997"]
[BlackElo "1793"]
[PlyCount "25"]
[EventDate "1989.07.15"]
[EventType "swiss"]
[EventRounds "10"]
[EventCountry "CAN"]

1. f4 Nf6 2. Nf3 d5 3. e3 e6 4. b3 Be7 5. Bb2 Nbd7 6. Be2 b6 7. O-O O-O 8. Ne5
Bb7 9. d3 Nxe5 10. Bxe5 Nd7 11. Bb2 Bf6 12. Bxf6 Nxf6 13. Nd2 1/2-1/2

[Event "Ottawa op"]
[Site "Ottawa CAN"]
[Date "1989.06.10"]
[Round "1"]
[White "Brodie, Hugh"]
[Black "Raletich, George"]
[Result "0-1"]
[WhiteElo "1997"]
[BlackElo "2100"]
[PlyCount "140"]
[EventDate "1989.06.10"]
[EventType "swiss"]
[EventRounds "5"]
[EventCountry "CAN"]

1. e4 e5 2. Nc3 Nc6 3. Bc4 Nf6 4. d3 Na5 5. Bb3 Nxb3 6. axb3 Be7 7. f4 d6 8.
Nf3 exf4 9. Bxf4 Nh5 10. Be3 a6 11. O-O Nf6 12. d4 O-O 13. Qe2 Bg4 14. Rad1 Qc8
15. h3 Bh5 16. Qf2 Bg6 17. e5 Nd7 18. Nd5 Bd8 19. exd6 cxd6 20. c3 Nf6 21.
Nxf6+ Bxf6 22. Bg5 Bxg5 23. Nxg5 h6 24. Nf3 b5 25. Nh4 Be4 26. Nf5 Qd7 27. Rd2
Rae8 28. Qf4 Re6 29. Qg4 Bxf5 30. Qxf5 Qe7 31. Rdf2 Rf6 32. Qd5 Rg6 33. Rf5 Re6
34. Qc6 Re2 35. R5f2 Qe3 36. Qf3 Qxf3 37. gxf3 Re3 38. b4 d5 39. Kg2 f5 40. f4
Rf6 41. Rf3 Re4 42. Kg3 Kf7 43. Kf2 g5 44. fxg5 hxg5 45. Kg3 Kg6 46. Kg2 f4 47.
Ra1 Kf5 48. Kf2 Rfe6 49. Kg2 Re1 50. Rxe1 Rxe1 51. Rf2 Ke4 52. b3 Re3 53. Ra2
Rg3+ 54. Kh2 Rxc3 55. Rxa6 Rxb3 56. Rg6 Rxb4 57. Rxg5 Rxd4 58. Rg8 Kf3 59. h4
Re4 60. Rg5 Re2+ 61. Kg1 Re1+ 62. Kh2 Ke4 63. Rg8 Rc1 64. Rb8 Rc5 65. h5 d4 66.
h6 d3 67. h7 Rh5+ 68. Kg2 Rxh7 69. Rxb5 d2 70. Rb1 Kd3 0-1

[Event "Ottawa op"]
[Site "Ottawa CAN"]
[Date "1989.06.10"]
[Round "2"]
[White "Gaudet, Alain"]
[Black "Brodie, Hugh"]
[Result "0-1"]
[WhiteElo "1737"]
[BlackElo "1997"]
[PlyCount "90"]
[EventDate "1989.06.10"]
[EventType "swiss"]
[EventRounds "5"]
[EventCountry "CAN"]

1. e4 c5 2. Nf3 Nc6 3. d4 cxd4 4. Nxd4 g6 5. Nxc6 bxc6 6. Nc3 Bg7 7. Bd2 Nf6 8.
Bc4 O-O 9. O-O d5 10. exd5 cxd5 11. Bb3 e6 12. Bg5 h6 13. Bh4 Qb6 14. Rb1 Ba6
15. Re1 Rac8 16. Qf3 Nd7 17. Be7 Rfe8 18. Ba3 Nc5 19. Na4 Nxa4 20. Bxa4 Bb5 21.
Bxb5 Qxb5 22. c3 Rc4 23. Qe3 a5 24. Qd3 Rb8 25. Bd6 Rb7 26. Be5 Bxe5 27. Rxe5
Qc6 28. Ree1 a4 29. Rec1 Rc7 30. Rd1 a3 31. h3 axb2 32. Rxb2 Rxc3 33. Qd2 h5
34. Rb8+ Rc8 35. Rxc8+ Qxc8 36. Qb2 Rc2 37. Qb3 Qc5 38. Rf1 d4 39. a4 Qc4 40.
Qb8+ Kg7 41. Re1 d3 42. Qe5+ Kg8 43. Qb8+ Kh7 44. Qb7 Qf4 45. f3 d2 0-1

[Event "Ottawa op"]
[Site "Ottawa CAN"]
[Date "1989.06.10"]
[Round "3"]
[White "Brodie, Hugh"]
[Black "Brice, Ron"]
[Result "1/2-1/2"]
[WhiteElo "1997"]
[BlackElo "1819"]
[PlyCount "59"]
[EventDate "1989.06.10"]
[EventType "swiss"]
[EventRounds "5"]
[EventCountry "CAN"]

1. e4 c5 2. Nf3 d6 3. c3 Nf6 4. Bd3 d5 5. e5 Ne4 6. Bxe4 dxe4 7. Qa4+ Bd7 8.
Qxe4 Bc6 9. Qe2 e6 10. O-O a6 11. d3 Be7 12. Rd1 Nd7 13. d4 cxd4 14. Nxd4 Rc8
15. Nxc6 Rxc6 16. Bf4 O-O 17. Nd2 Qc7 18. Nf3 b5 19. Bg3 Nb6 20. h3 Nd5 21. Rd4
Rc8 22. Rad1 Rc5 23. a4 Qc6 24. axb5 axb5 25. Nd2 Qa6 26. Nb3 Qa2 27. Nc1 Qa6
28. Nb3 Qa2 29. Nc1 Qa6 30. Nb3 1/2-1/2

[Event "Ottawa op"]
[Site "Ottawa CAN"]
[Date "1989.06.11"]
[Round "4"]
[White "Martin, Spencer"]
[Black "Brodie, Hugh"]
[Result "1/2-1/2"]
[WhiteElo "1931"]
[BlackElo "1997"]
[PlyCount "78"]
[EventDate "1989.06.10"]
[EventType "swiss"]
[EventRounds "5"]
[EventCountry "CAN"]

1. Nf3 b6 2. g3 f5 3. Bg2 Bb7 4. O-O Nf6 5. d4 e6 6. c4 Be7 7. Nc3 O-O 8. Bg5
Ne4 9. Bxe7 Qxe7 10. Rc1 d6 11. e3 Nd7 12. h4 Ndf6 13. Nxe4 Bxe4 14. Ng5 Bxg2
15. Kxg2 h6 16. Nh3 e5 17. Qc2 Nd7 18. Rfd1 Rf7 19. Rd2 Raf8 20. dxe5 Nxe5 21.
Nf4 Qf6 22. Nd5 Qd8 23. b4 g5 24. hxg5 hxg5 25. b5 f4 26. exf4 gxf4 27. Nxf4
Rxf4 28. gxf4 Rxf4 29. Rh1 Qd7 30. Re2 Rxc4 31. Qb3 Qf7 32. Qh3 Qg6+ 33. Kf1
Rc1+ 34. Re1 Rxe1+ 35. Kxe1 Qb1+ 36. Ke2 Qxb5+ 37. Kd1 Qb1+ 38. Ke2 Qb5+ 39.
Kd1 Qb1+ 1/2-1/2